00451cam a22001692 4500001001100000005001700011008004100028020001700069040001500086050002100101100003000122245002000152250001800172260004200190300001700232650003200249000000308820151217145732.0070427s xx 000 0 eng d a8125915362 : aKABUcKABU 0aHJ141b.B43 20031 aBhatia, H. L.@000015273210aPublic finance. a24th Rev. ed. aNew Delhi :bVikas Publishing,c2003. axiii, 701 p. 0aPublic finance.@0000152733